000
00324nam a2200133Ia 4500
005
20251222144901.0
008
251222s9999||||xx |||||||||||||| ||spa||
020
_a
84-285-2287-1
082
_a
262.4/G51
100
_a
Giussani, Luigi
245
0
_a
Toda la Tierra desea ver tu rostro:
264
_b
San Pablo
942
_c
LIB
999
_c
21994
_d
21994